प्रगतिशील कविता में लोकतत्व / (Record no. 12221)

MARC details
000 -LEADER
fixed length control field 02883 a2200289 4500
005 - DATE AND TIME OF LATEST TRANSACTION
control field 20090513144046.0
008 - FIXED-LENGTH DATA ELEMENTS--GENERAL INFORMATION
fixed length control field 090513t xxu||||| |||| 00| 0 hin d
010 ## - LCCN (DPL NO)
LC control number B-301831-837
020 ## - INTERNATIONAL STANDARD BOOK NUMBER
Terms of availability 500.00
International Standard Book Number 8174532668
035 ## - SYSTEM CONTROL NUMBER
System control number B-301831-837
037 ## - SOURCE OF ACQUISITION
Source of stock number/acquisition संजय प्रका.
082 ## - DEWEY DECIMAL CLASSIFICATION NUMBER
Classification number 821.08
100 ## - MAIN ENTRY--PERSONAL NAME
Personal name शर्मा, शशि
245 ## - TITLE STATEMENT
Title प्रगतिशील कविता में लोकतत्व /
Remainder of title शशि शर्मा
260 ## - PUBLICATION, DISTRIBUTION, ETC. (IMPRINT)
Place of publication, distribution, etc नई दिल्ली
Name of publisher, distributor, etc संजय प्रकाशन
Date of publication, distribution, etc 2007
270 ## - ADDRESS
Address 4378/4बी,209 जे.एम.डी.हाउस,गली मुरारी लाल, अंसारी रोड,दरियागंज
City नई दिल्ली
State or province दिल्ली
Postal code 110002
300 ## - PHYSICAL DESCRIPTION
Extent 325पृ
Dimensions 22 सेमी (सजिल्द)
942 ## - ADDED ENTRY ELEMENTS (KOHA)
Institution code [OBSOLETE] dpl
Item type Hindi Books
Call number prefix / शर्माश
Source of classification or shelving scheme Dewey Decimal Classification
Classification part 821.08
Call number suffix शर्माश
Holdings
Withdrawn status Lost status Source of classification or shelving scheme Damaged status Not for loan Collection code Home library Current library Date acquired Source of acquisition Cost, normal purchase price Total Checkouts Full call number Barcode Date last seen Copy number Cost, replacement price Koha item type Total Renewals
    Dewey Decimal Classification     Non-fiction Bawana Bawana 13/05/2009 संजय प्रकाशन/717/27.9.08/487/4.9.08/8.10.08 500.00 1 821.08 शर्माश B-301836 30/04/2022 1 500.00 Hindi Books 1
    Dewey Decimal Classification     Non-fiction Central Library Central Library 13/05/2009 संजय प्रकाशन/717/27.9.08/487/4.9.08/8.10.08 500.00   821.08 शर्माश B-301831 13/05/2009 1 500.00 Hindi Books  
    Dewey Decimal Classification     Non-fiction Mobile Library Mobile Library 13/05/2009 संजय प्रकाशन/717/27.9.08/487/4.9.08/8.10.08 500.00   821.08 शर्माश B-301832 13/05/2009 2 500.00 Hindi Books  
    Dewey Decimal Classification     Non-fiction Mobile Library Mobile Library 13/05/2009 संजय प्रकाशन/717/27.9.08/487/4.9.08/8.10.08 500.00   821.08 शर्माश B-301833 13/05/2009 2 500.00 Hindi Books  
    Dewey Decimal Classification     Non-fiction Patel Nagar Patel Nagar 13/05/2009 संजय प्रकाशन/717/27.9.08/487/4.9.08/8.10.08 500.00 1 821.08 शर्माश B-301834 31/07/2023 1 500.00 Hindi Books  
    Dewey Decimal Classification     Non-fiction Sarojini Nagar Sarojini Nagar 13/05/2009 संजय प्रकाशन/717/27.9.08/487/4.9.08/8.10.08 500.00   821.08 शर्माश B-301835 13/05/2009 1 500.00 Hindi Books  
    Dewey Decimal Classification     Non-fiction Shahdara Branch Shahdara Branch 13/05/2009 संजय प्रकाशन/717/27.9.08/487/4.9.08/8.10.08 500.00   821.08 शर्माश B-301837 13/05/2009 1 500.00 Hindi Books  

© Delhi Public Library
Hit Counter
free hit counter